| 000 | 00489nam a2200181 a 4500 | ||
|---|---|---|---|
| 001 | 5267 | ||
| 003 | CO-ViMGA | ||
| 008 | 141112s2004 ck r 000 u spa d | ||
| 040 |
_aCO-ViMGA _bspa _cCO-ViMGA |
||
| 082 | 0 | 4 | _a793.31 G172 |
| 100 | 1 |
_aGarcía Ruso, Herminia María _95122 |
|
| 245 | 1 | 0 | _aLa danza en la escuela |
| 260 |
_aZaragoza : _bInde, _c1997 |
||
| 300 | _a157 p : il | ||
| 490 | _aLa educación física en... reforma | ||
| 650 | 1 | 4 |
_aDANZAS ESCOLARES _95123 |
| 942 |
_2ddc _cBK |
||
| 999 |
_c17264 _d17264 |
||